| 000 | 00354nam a22001457a 4500 | ||
|---|---|---|---|
| 003 | OSt | ||
| 005 | 20260316103259.0 | ||
| 007 | 865 pages | ||
| 008 | 260316b |||||||| |||| 00| 0 eng d | ||
| 040 | _c | ||
| 082 |
_a153.94 _bSHA |
||
| 245 |
_aQuantitative Aptitude for CAT _cArun sharma |
||
| 260 |
_bMcgraw Hill _c2026 |
||
| 942 |
_2ddc _cBK _k153.94 _mSHA _n0 |
||
| 999 |
_c36320 _d36320 |
||